• 首页
  • 本馆介绍
  • 公告通知
  • 最新文献
  • 馆藏检索
  • 电子资源
  • 读者导购
  • 参考咨询
  • 我的图书馆
  • 登录
  • 详细信息显示
  • 放入我的书架
  • 预约/预借图书
  • 作者相关作品
  • 分类相关作品
  • 丛书相关作品
  • 出版社相关作品

书目信息

  • 表格格式
  • 工作单格式
  • 卡片格式
书名: Modernism as a philosophical problem
作者: Robert B. Pippin.
分册号:
分册名:
出版地: Malden, Mass. :
 
出版社: Blackwell
出版时间: 1999.
页数: xx, 234 p. ;
开本: 24 cm.
丛书名:
中图分类号:
科图分类号:
其他分类号: B151
主题词:
电子资源:
000 01368cam a2200361 a 450
001 E0753687250
005 20070506151256.81
008 990129s1999 mau b 001 0 eng
010    @a99017513
020    @a0631214143 (pbk. : alk. paper).
020    @a0631214135 (alk. paper).
035    @A(DLC) 99017513
040    @aDLC@cDLC@dDLC
043    @ae------
050 00 @aB803@b.P57 1999
082 00 @a190@2 21
090    @aB151
099    @dB151@ex5=2
100 1  @aPippin, Robert B.,@d1948-
245 10 @aModernism as a philosophical problem :@bon the dissatisfactions of European high culture / @cRobert B. Pippin.
250    @a2nd ed.
260    @aMalden, Mass. :@bBlackwell,@c1999.
300    @axx, 234 p. ;@c24 cm.
504    @aIncludes bibliographical references (p. [218]-229) and index.
650  0 @aPhilosophy, Modern@y19th century.
650  0 @aCivilization, Modern@y19th century.
650  0 @aCivilization, Modern@y20th century.
650  0 @aPhilosophy, Modern@y20th century.
651  0 @aEurope@xIntellectual life@y19th century.
651  0 @aEurope@xIntellectual life@y20th century
906    @a7@bcbc@corignew@d1@eocip@f19@gy-gencatlg
925 0  @aacquire@b2 shelf copies@xpolicy default
955    @aCAD uf23 2002-06-17@auf23 2002-12-12@aps06 2003-03-18 to CIP ver.@fsh16 2003-03-21@gsh16 2003-03-21 Copy 1 & 2 to BCCD
    
    Modernism as a philosophical problem : : on the dissatisfactions of European high culture / / Robert B. Pippin.-2nd ed.-Malden, Mass. : : Blackwell, , 1999.
    xx, 234 p. ; ; 24 cm.
    Includes bibliographical references (p. [218]-229) and index.
    
    ISBN 0631214143 (pbk. : alk. paper).
    
●
相关链接 在E读中查询图书 在五车中查询图书 在当当中查询图书 在豆瓣中查询图书


正题名:Modernism as a philosophical problem     索取号:B151/x5=2         预约/预借

序号 登录号 条形码 馆藏地/架位号 状态 备注
1 0007474   300074746   第二样本阅览室/ [索取号:B151/x5=2] 在馆    
唐山师范学院图书馆 欢迎您!
大连网信软件有限公司© 版权所有